header

Defining technological literacy (Record no. 94590)

MARC details
000 -LEADER
fixed length control field 01279nam a2200349Ia 4500
082 04 - DEWEY DECIMAL CLASSIFICATION NUMBER
Classification number 600
245 00 - TITLE STATEMENT
Title Defining technological literacy
250 ## - EDITION STATEMENT
Edition statement 1st ed.
260 ## - PUBLICATION, DISTRIBUTION, ETC. (IMPRINT)
Place of publication New York :
Name of publisher Palgrave Macmillan,
Year of publication 2006.
300 ## - PHYSICAL DESCRIPTION
Number of Pages x, 334 p.
650 #0 - SUBJECT ADDED ENTRY--TOPICAL TERM
Topical Term Technological literacy.
Topical Term Technical education.
Topical Term Technology
700 1# - ADDED ENTRY--PERSONAL NAME
Personal name Dakers, John R.
856 40 - ELECTRONIC LOCATION AND ACCESS
Uniform Resource Identifier http://site.ebrary.com/lib/rucke/Doc?id=10150392

No items available.

© 2026 Rongo University
Contact us: librarian | system librarian | Rongo university